[Event "59581 I. Budapest Open"]
[Site "Budapest, Hungary"]
[Date "2011.08.23"]
[Round "4.8"]
[White "Farkas, Laszlo"]
[Black "Bodrogi, Laszlo"]
[Result "1/2-1/2"]
[WhiteElo "1911"]
[BlackElo "2035"]
[PlyCount "148"]
[EventDate "2011.??.??"]
 
1. d4 Nf6 2. Nf3 b6 3. g3 Bb7 4. Bg2 c5 5. O-O cxd4 6. Nxd4 Bxg2 7. Kxg2 Qc7 8.
f3 Nc6 9. Nb5 Qb7 10. Bg5 a6 11. N5c3 e6 12. Bxf6 gxf6 13. Ne4 Be7 14. Nd6+
Bxd6 15. Qxd6 Rc8 16. Qf4 Ke7 17. Nc3 d5 18. Rad1 Qc7 19. Qe3 Kf8 20. Qh6+ Ke7
21. Rxd5 Nb4 22. Rd2 Qe5 23. Rfd1 Qg5 24. Qxg5 fxg5 25. a3 Nd5 26. Nxd5+ exd5
27. c3 Rc5 28. Rxd5 Rxd5 29. Rxd5 f6 30. e4 Rc8 31. Kf2 h5 32. Ke3 Rc4 33. Kd3
Rc8 34. c4 Ke6 35. b4 Rh8 36. c5 bxc5 37. bxc5 a5 38. f4 gxf4 39. gxf4 h4 40.
Rd6+ Ke7 41. Kd4 h3 42. e5 fxe5+ 43. Kxe5 Rb8 44. Rh6 Rb3 45. Rh7+ Kd8 46. Kd6
Rd3+ 47. Kc6 Rxa3 48. Kb5 a4 49. Kb4 Rf3 50. Kxa4 Rxf4+ 51. Kb5 Rf3 52. Kc4 Kc8
53. Kd4 Kd8 54. c6 Kc8 55. Kc4 Kd8 56. Kd4 Kc8 57. Ke4 Rc3 58. Kf4 Kd8 59. Kg4
Rxc6 60. Rxh3 Ke7 61. Rh7+ Kf8 62. h4 Kg8 63. Rd7 Rc5 64. Rd6 Kg7 65. Rd4 Ra5
66. h5 Rb5 67. Rd7+ Kh6 68. Rd6+ Kh7 69. Rg6 Ra5 70. Rf6 Rb5 71. Rd6 Ra5 72.
Rd7+ Kh6 73. Rd6+ Kh7 74. h6 Rb5 1/2-1/2

[Event "59581 I. Budapest Open"]
[Site "Budapest, Hungary"]
[Date "2011.08.23"]
[Round "4.9"]
[White "Szatmari, David"]
[Black "Palla, Akos Botond"]
[Result "0-1"]
[WhiteElo "2021"]
[BlackElo "1824"]
[PlyCount "40"]
[EventDate "2011.??.??"]
 
1. e4 c5 2. Nf3 d6 3. d4 cxd4 4. Nxd4 Nf6 5. Nc3 g6 6. Be3 Bg7 7. h3 Nc6 8. Qd2
O-O 9. O-O-O d5 10. Nxc6 bxc6 11. exd5 Nxd5 12. Nxd5 cxd5 13. Qxd5 Qc7 14. Qc5
Qb7 15. Bd4 Bf5 16. Qb5 Rfc8 17. c3 Qe4 18. Qd3 Qd5 19. Qe3 e5 20. c4 exd4 0-1

[Event "59581 I. Budapest Open"]
[Site "Budapest, Hungary"]
[Date "2011.08.23"]
[Round "4.10"]
[White "Szentgyorgyi, Sandor"]
[Black "Barabas, Attila"]
[Result "0-1"]
[WhiteElo "1862"]
[BlackElo "2001"]
[PlyCount "60"]
[EventDate "2011.??.??"]
 
1. e4 e5 2. Nf3 d6 3. Bc4 Be7 4. O-O Nf6 5. Nc3 Nc6 6. d4 Bg4 7. dxe5 Nxe5 8.
Be2 Nxf3+ 9. Bxf3 Bxf3 10. Qxf3 Qd7 11. h3 O-O 12. Be3 Qc6 13. Rac1 Rfe8 14.
Qf5 g6 15. Qf4 Nh5 16. Qg4 Bf6 17. f3 Bxc3 18. bxc3 Qxc3 19. Bh6 Re6 20. Rfd1
Rae8 21. Rd3 Qc5+ 22. Be3 Qc4 23. a3 Ng7 24. Bd2 f5 25. exf5 Qxg4 26. fxg4 gxf5
27. gxf5 Nxf5 28. Bc3 Re3 29. Rxe3 Rxe3 30. Bb2 Re2 0-1

[Event "59581 I. Budapest Open"]
[Site "Budapest, Hungary"]
[Date "2011.08.23"]
[Round "4.11"]
[White "Krizsany, Laszlo Sr"]
[Black "Balla, Attila"]
[Result "1/2-1/2"]
[WhiteElo "1944"]
[BlackElo "1722"]
[PlyCount "37"]
[EventDate "2011.??.??"]
 
1. d4 Nf6 2. Nf3 d5 3. c4 e6 4. Nc3 Be7 5. g3 c6 6. Bg2 Nbd7 7. cxd5 cxd5 8.
O-O O-O 9. a3 a6 10. h3 b5 11. Nh2 Bb7 12. g4 Rc8 13. f4 Qb6 14. e3 Ne8 15. Nf3
Nd6 16. Qe1 Rc7 17. Ne5 Nxe5 18. fxe5 Nc4 19. Ne2 1/2-1/2

[Event "59581 I. Budapest Open"]
[Site "Budapest, Hungary"]
[Date "2011.08.23"]
[Round "4.12"]
[White "Zsembery, Aron"]
[Black "Mester, Attila"]
[Result "0-1"]
[WhiteElo "1856"]
[BlackElo "2119"]
[PlyCount "46"]
[EventDate "2011.??.??"]
 
1. e4 Nf6 2. e5 Nd5 3. d4 d6 4. c4 Nb6 5. exd6 cxd6 6. Nc3 g6 7. Be3 Bg7 8. Rc1
O-O 9. Bd3 Nc6 10. Nge2 e5 11. dxe5 dxe5 12. b3 f5 13. Bc5 Rf7 14. O-O Be6 15.
Bb1 Rd7 16. Qc2 Nd4 17. Nxd4 exd4 18. Rfe1 dxc3 19. Qe2 Bf7 20. Qf3 Qc7 21. Bb4
Bh6 22. Rcd1 Bd2 23. Rf1 Qe5 0-1

[Event "59581 I. Budapest Open"]
[Site "Budapest, Hungary"]
[Date "2011.08.23"]
[Round "4.13"]
[White "Lajtos, Levente"]
[Black "Kalmar, Karoly"]
[Result "0-1"]
[WhiteElo "1704"]
[BlackElo "2023"]
[PlyCount "124"]
[EventDate "2011.??.??"]
 
1. d4 d5 2. c4 e6 3. Nf3 Be7 4. Nc3 Nf6 5. Bf4 c6 6. Qc2 Nbd7 7. cxd5 exd5 8.
e3 O-O 9. Be2 Re8 10. O-O Nf8 11. a3 Bg4 12. Ne5 Bxe2 13. Qxe2 Bd6 14. Nd3 Bxf4
15. Nxf4 Qd6 16. b4 a6 17. Qd3 b5 18. Na2 N8d7 19. Nc1 Nb6 20. Nb3 Nc4 21. Qd1
g6 22. Nc5 Ne4 23. Nxe4 Rxe4 24. Nd3 f6 25. Nc5 Re7 26. Ra2 a5 27. bxa5 Rxa5
28. Qb3 Rea7 29. Rfa1 Qf8 30. a4 Qa8 31. g3 f5 32. h4 Nb6 33. Qb4 Nxa4 34. Kg2
Kf7 35. Ra3 Qf8 36. Rb3 Qd6 37. Rba3 Ke7 38. Qd2 Qc7 39. Nb3 R5a6 40. Nc5 Nxc5
41. Qb4 Rxa3 42. Rxa3 Rb7 43. dxc5 Qe5 44. Qd2 b4 45. Ra6 Kd7 46. Rb6 Rxb6 47.
cxb6 c5 48. Qd1 Kc6 49. b7 Kxb7 50. Qa4 Kb6 51. Qd7 b3 52. Qd8+ Qc7 53. Qf6+
Kb5 54. Qc3 c4 55. Qd4 Qc6 56. Kh2 c3 57. Qh8 Kc4 58. Qd4+ Kb5 59. Qh8 b2 60.
Qb8+ Kc4 61. Qf4+ Kb3 62. Qb8+ Kc2 0-1

[Event "59581 I. Budapest Open"]
[Site "Budapest, Hungary"]
[Date "2011.08.23"]
[Round "4.14"]
[White "Schatzer, Andras"]
[Black "Kellerwessel, Ralf"]
[Result "0-1"]
[WhiteElo "1798"]
[BlackElo "1863"]
[PlyCount "54"]
[EventDate "2011.??.??"]
 
1. e4 c5 2. c3 e6 3. d4 d5 4. e5 Nc6 5. Nf3 Qb6 6. Bd3 Bd7 7. Bc2 Rc8 8. O-O
cxd4 9. cxd4 g5 10. Nxg5 Qxd4 11. Qh5 Nxe5 12. Rd1 Qg4 13. Qxg4 Nxg4 14. Bxh7
N8f6 15. h3 Nxf2 16. Kxf2 Nxh7 17. Nf3 Rc2+ 18. Nbd2 Nf6 19. Ke3 Rg8 20. g4 Bd6
21. Nb3 Ne4 22. h4 Rxg4 23. h5 Nf6 24. h6 Rg3 25. Nbd2 Rh3 26. Nf1 Bb5 27. b3
Ng4+ 0-1

[Event "59581 I. Budapest Open"]
[Site "Budapest, Hungary"]
[Date "2011.08.23"]
[Round "4.15"]
[White "Sarkozi, Ferenc"]
[Black "Kozak, Adam"]
[Result "0-1"]
[WhiteElo "1939"]
[BlackElo "1809"]
[PlyCount "98"]
[EventDate "2011.??.??"]
 
1. b3 Nf6 2. Bb2 c5 3. Nf3 d6 4. d3 Nbd7 5. g3 g6 6. Bg2 Bg7 7. O-O O-O 8. e4
Rb8 9. Nbd2 b5 10. a4 a6 11. axb5 axb5 12. Qe2 Bb7 13. Rfb1 e5 14. c4 b4 15.
Qd1 Ne8 16. h4 f5 17. Ng5 Nc7 18. Ra7 f4 19. Bh3 Qe7 20. Ngf3 Ne6 21. Bxe6+
Qxe6 22. Ng5 Qe7 23. Qg4 Rf6 24. Qe2 h6 25. Ngf3 Nf8 26. g4 Rf7 27. Qf1 Ne6 28.
Rba1 Bf6 29. Qh3 Nd8 30. h5 g5 31. Ne1 Nc6 32. R7a2 Qd7 33. f3 Bd8 34. Qf1 Bc8
35. Nc2 Bb7 36. Qd1 Bc7 37. Ne1 Bb6 38. Qc2 Kh7 39. Kh2 Ne7 40. Ra4 Ng8 41. Nf1
Nf6 42. R4a2 Rbf8 43. Kg1 Bc6 44. Ra6 Qb7 45. R6a2 Bd7 46. Ra6 Kg7 47. R6a2 Ne8
48. Ra8 Bc6 49. R8a2 Nc7 {...} 0-1

[Event "59581 I. Budapest Open"]
[Site "Budapest, Hungary"]
[Date "2011.08.23"]
[Round "4.16"]
[White "Bartuszek, Andras"]
[Black "Farkas, Akos"]
[Result "0-1"]
[WhiteElo "1883"]
[BlackElo "1683"]
[PlyCount "112"]
[EventDate "2011.??.??"]
 
1. e4 c5 2. Nf3 d6 3. d4 cxd4 4. Nxd4 Nf6 5. Nc3 a6 6. Bc4 e6 7. Be3 b5 8. Bd3
Bb7 9. f3 Be7 10. Qd2 Nbd7 11. O-O-O Rc8 12. g4 Nc5 13. Be2 Qa5 14. g5 Nfd7 15.
a3 b4 16. Na2 e5 17. Qxb4 exd4 18. Qxa5 Nb3+ 19. Kb1 Nxa5 20. Bxd4 O-O 21. h4
Nc6 22. Bc3 f6 23. Bc4+ Kh8 24. Be6 Rc7 25. f4 fxg5 26. hxg5 Rxf4 27. g6 Nf8
28. Bf5 Ne5 29. Ba5 Rc5 30. Bb6 Rb5 31. Be3 Rxf5 32. exf5 Bxh1 33. Rxh1 Nc4 34.
Bd4 Nxa3+ 35. Kc1 Nc4 36. b3 Ne5 37. Nc3 Rb7 38. Ne4 Kg8 39. gxh7+ Nxh7 40. Rg1
Rb4 41. c3 Rxb3 42. Kc2 Rb7 43. Ra1 Nf6 44. Ng5 Nc6 45. Rxa6 Nxd4+ 46. cxd4 Nd5
47. Ra8+ Bf8 48. Kd3 Rf7 49. Nxf7 Kxf7 50. Ke4 Nf6+ 51. Kf4 d5 52. Ra7+ Kg8 53.
Kg5 Kh7 54. Rf7 Bb4 55. Rxf6 Bd2+ 56. Kg4 gxf6 0-1

[Event "59581 I. Budapest Open"]
[Site "Budapest, Hungary"]
[Date "2011.08.23"]
[Round "4.18"]
[White "Szoukup, Istvan"]
[Black "Medve, Mark"]
[Result "0-1"]
[WhiteElo "1825"]
[BlackElo "1635"]
[PlyCount "80"]
[EventDate "2011.??.??"]
 
1. e4 c5 2. Nf3 d6 3. d4 cxd4 4. Nxd4 Nf6 5. Nc3 a6 6. Bg5 e6 7. f4 Nbd7 8. Qf3
Qc7 9. O-O-O Be7 10. g4 b5 11. Bxf6 Nxf6 12. g5 Nd7 13. Qh5 g6 14. Qh6 Bf8 15.
Qh4 Bb7 16. Bd3 Nc5 17. Rhe1 b4 18. Nb1 Bg7 19. Qf2 O-O 20. f5 Rfc8 21. f6 Bf8
22. Re3 h5 23. gxh6 Bxh6 24. Nd2 Bxe3 25. Qxe3 Nxd3+ 26. Qxd3 Qc5 27. N4b3 Qe5
28. Qf3 d5 29. Rf1 dxe4 30. Qe3 Qh5 31. Nxe4 Bxe4 32. Qxe4 Ra7 33. Qe3 Rac7 34.
Na1 Rc5 35. Rf3 Rf5 36. Rf2 Qg5 37. Qxg5 Rxg5 38. Nb3 Rf5 39. Rxf5 exf5 40. Nd4
Rc4 0-1

[Event "59581 I. Budapest Open"]
[Site "Budapest, Hungary"]
[Date "2011.08.23"]
[Round "4.19"]
[White "Matos, Balint"]
[Black "Czimer, Jozsef"]
[Result "1/2-1/2"]
[WhiteElo "1628"]
[BlackElo "1750"]
[PlyCount "105"]
[EventDate "2011.??.??"]
 
1. e4 c5 2. Nf3 d6 3. d4 cxd4 4. Nxd4 Nf6 5. Nc3 a6 6. Be2 e6 7. Be3 Nbd7 8.
O-O Qc7 9. Qd2 Be7 10. Rad1 O-O 11. h3 b5 12. a3 Bb7 13. f3 Rac8 14. Bf2 Ne5
15. Kh1 Nc4 16. Bxc4 Qxc4 17. Bg3 Rfd8 18. Qe2 Qxe2 19. Ndxe2 d5 20. exd5 Nxd5
21. Rd3 Nxc3 22. Rxd8+ Bxd8 23. Nxc3 Bf6 24. Rd1 Bxc3 25. bxc3 Bd5 26. Rd3 f6
27. Kg1 Kf7 28. Be1 Ke7 29. Kf2 Kd6 30. Ke3 e5 31. Kd2 Rc4 32. Kc1 Ke6 33. g3
f5 34. Re3 g5 35. Bd2 h5 36. Kb2 g4 37. hxg4 hxg4 38. f4 Be4 39. Re2 Rc6 40.
Rh2 exf4 41. Bxf4 Kd5 42. Rd2+ Ke6 43. Rd1 a5 44. Rd8 Rc5 45. Rd6+ Ke7 46. Rd4
Rd5 47. Bc7 a4 48. Bf4 Ke6 49. Be3 Rd7 50. Bf4 Bd5 51. Rd2 Rh7 52. Re2+ Be4 53.
Rd2 1/2-1/2

[Event "59581 I. Budapest Open"]
[Site "Budapest, Hungary"]
[Date "2011.08.23"]
[Round "4.20"]
[White "Mihaly, Zoltan"]
[Black "Krstulovic, Alex"]
[Result "1/2-1/2"]
[WhiteElo "1745"]
[BlackElo "1597"]
[PlyCount "198"]
[EventDate "2011.??.??"]
 
1. c4 e5 2. Nc3 Bb4 3. g3 Bxc3 4. bxc3 Ne7 5. Bg2 O-O 6. Nf3 Nbc6 7. d4 e4 8.
Ng5 f5 9. O-O b6 10. Qa4 h6 11. Nh3 Ng6 12. d5 Nce5 13. Nf4 Qf6 14. Be3 Nxf4
15. gxf4 Ng4 16. Bd4 Qh4 17. h3 Nf6 18. e3 g5 19. fxg5 hxg5 20. Be5 g4 21. Bg3
Qh6 22. hxg4 Nxg4 23. Qd1 Ba6 24. Qa4 Bc8 25. Qd1 d6 26. Qd2 Ba6 27. Qe2 Rae8
28. a4 Bc8 29. a5 Rf7 30. Bf4 Qh8 31. f3 Nf6 32. Rf2 Nh5 33. Bh2 Qxc3 34. Ra2
Rh7 35. Kf1 Qc1+ 36. Qe1 Qxc4+ 37. Rfe2 Qxd5 38. fxe4 fxe4 39. axb6 Rf8+ 40.
Kg1 axb6 41. Rac2 Rff7 42. Red2 Qg5 43. Bxd6 Rhg7 44. Bh2 Ba6 45. Kh1 Bd3 46.
Rc1 c5 47. Bh3 Qh6 48. Qh4 Qg5 49. Qxg5 Rxg5 50. Be6 Ng3+ 51. Bxg3 Rxg3 52. Rg2
Rxg2 53. Kxg2 Kf8 54. Bxf7 Kxf7 55. Kf2 Ke6 56. Ke1 Kd5 57. Kd2 c4 58. Kc3 Kc5
59. Ra1 b5 60. Ra5 Kb6 61. Ra8 Bf1 62. Kb4 Kb7 63. Re8 Bd3 64. Re7+ Kc6 65.
Re6+ Kd5 66. Re8 Kd6 67. Rc8 Kd7 68. Rc5 Kd6 69. Rg5 Ke6 70. Rc5 Kf6 71. Kc3
Ke6 72. Rxb5 Kd6 73. Kd4 c3 74. Rb6+ Ke7 75. Kxc3 Be2 76. Kd4 Bd3 77. Rh6 Kf7
78. Rh4 Kf6 79. Rf4+ Ke7 80. Rxe4+ Bxe4 81. Kxe4 Ke6 82. Kd4 Kd6 83. e4 Ke6 84.
e5 Ke7 85. Kc5 Ke6 86. Kd4 Ke7 87. Kd5 Kd7 88. Kd4 Ke6 89. Ke4 Ke7 90. Kf5 Kf7
91. e6+ Ke7 92. Ke5 Ke8 93. Ke4 Ke7 94. Kd5 Ke8 95. Kd6 Kd8 96. Kc6 Ke7 97. Kd5
Ke8 98. Ke5 Ke7 99. Kf5 Ke8 1/2-1/2

[Event "59581 I. Budapest Open"]
[Site "Budapest, Hungary"]
[Date "2011.08.23"]
[Round "4.22"]
[White "Nebenfuhrer, Gyorgy"]
[Black "Falucskai, Istvan Roland"]
[Result "0-1"]
[WhiteElo "1605"]
[BlackElo "1715"]
[PlyCount "86"]
[EventDate "2011.??.??"]
 
1. d4 Nf6 2. Nc3 d5 3. Nf3 g6 4. Bf4 Bg7 5. Nb5 Na6 6. e3 O-O 7. c4 Nh5 8. Bg5
c6 9. Nc3 Nc7 10. Qb3 Rb8 11. Rb1 Bf5 12. Rc1 f6 13. Bh4 g5 14. Be2 Bg6 15. g4
gxh4 16. gxh5 Bxh5 17. Nxh4 Bxe2 18. Nxe2 Qd7 19. e4 dxe4 20. Qg3 Rf7 21. Rd1
Kh8 22. d5 Rd8 23. Nf4 Bh6 24. Rg1 e5 25. Nhg6+ hxg6 26. Nxg6+ Kh7 27. Nf8+
Rfxf8 28. Qg6+ Kh8 29. Qxh6+ Qh7 30. Qxh7+ Kxh7 31. d6 Ne6 32. Ke2 f5 33. Rg3
Nd4+ 34. Kd2 Rxd6 35. Rh3+ Rh6 36. Rxh6+ Kxh6 37. Ke3 Kg6 38. Rg1+ Kf6 39. h4
Rh8 40. Rh1 Rh5 41. a3 Nf3 42. b4 Rxh4 43. Rd1 Nd4 0-1

[Event "59581 I. Budapest Open"]
[Site "Budapest, Hungary"]
[Date "2011.08.23"]
[Round "4.23"]
[White "Kokeny, Norbert Adrian"]
[Black "Pollak, Andras"]
[Result "0-1"]
[WhiteElo "1574"]
[BlackElo "1700"]
[PlyCount "102"]
[EventDate "2011.??.??"]
 
1. e4 e6 2. d3 d5 3. Nd2 Nf6 4. Ngf3 dxe4 5. dxe4 Bc5 6. h3 c6 7. Bc4 b5 8. Bb3
O-O 9. O-O a5 10. c3 Qb6 11. Qe2 Ba6 12. Bc2 Rd8 13. Nb3 Bf8 14. Be3 Qc7 15.
Rfd1 a4 16. Nc5 Bxc5 17. Bxc5 Nbd7 18. Rd2 Nxc5 19. Rad1 Rxd2 20. Rxd2 Rd8 21.
e5 Rxd2 22. Qxd2 Nfd7 23. Qg5 Nf8 24. h4 h6 25. Qe3 Qe7 26. Nd4 Bb7 27. g3 Ncd7
28. Qe4 Qc5 29. f4 Qd5 30. Bb1 Nc5 31. Qe2 b4 32. a3 Ba6 33. Qe3 bxa3 34. bxa3
Bb5 35. g4 Qc4 36. Qf3 Ng6 37. h5 Ne7 38. g5 hxg5 39. fxg5 Nb3 40. Nxb3 axb3
41. h6 Qc5+ 42. Kg2 Qxe5 43. h7+ Kh8 44. Qxf7 Qxg5+ 45. Kh2 Qe5+ 46. Kg1 Qe1+
47. Kg2 Qxb1 48. Qxe7 Qg6+ 49. Kh2 Qxh7+ 50. Kg2 Qh6 51. Kf2 Qf6+ 0-1

[Event "59581 I. Budapest Open"]
[Site "Budapest, Hungary"]
[Date "2011.08.23"]
[Round "4.24"]
[White "Moharos, Viktor"]
[Black "Nemeth, Jozsef"]
[Result "1-0"]
[WhiteElo "1523"]
[BlackElo "1671"]
[PlyCount "71"]
[EventDate "2011.??.??"]
 
1. d4 d5 2. e3 Nf6 3. c4 c6 4. Nc3 e6 5. a3 a5 6. Na4 dxc4 7. Nf3 Ne4 8. Nd2
Nxd2 9. Bxd2 b5 10. Nc3 Bb7 11. Be2 c5 12. O-O Bc6 13. Bf3 Qb6 14. d5 exd5 15.
Bxd5 Bxd5 16. Nxd5 Qc6 17. Qf3 Ra7 18. e4 Bd6 19. Rfe1 Be5 20. Rab1 O-O 21.
Ne7+ Kh8 22. Nxc6 Nxc6 23. Qg4 Bd4 24. Bc3 Ne5 25. Qe2 Ra6 26. Bxd4 cxd4 27. f4
Nd3 28. Rf1 f5 29. b3 fxe4 30. Qxe4 Rd6 31. bxc4 bxc4 32. Rb5 a4 33. Rb7 Nc5
34. Qe7 Rg8 35. Qxd6 Nxb7 36. Qxd4 1-0

[Event "59581 I. Budapest Open"]
[Site "Budapest, Hungary"]
[Date "2011.08.23"]
[Round "4.25"]
[White "Horvath, Zoltan"]
[Black "Mihajlova, Diana"]
[Result "0-1"]
[WhiteElo "1513"]
[BlackElo "1443"]
[PlyCount "108"]
[EventDate "2011.??.??"]
 
1. e4 d5 2. exd5 Nf6 3. c4 e6 4. Nc3 Bc5 5. d4 Bb4 6. Qa4+ c6 7. Qxb4 Na6 8.
Qa4 exd5 9. cxd5 Bd7 10. dxc6 Qe7+ 11. Be2 Bxc6 12. Qc2 Bxg2 13. Be3 Bxh1 14.
O-O-O O-O 15. f3 Qxe3+ 16. Kb1 Rac8 17. Qb3 Rb8 18. d5 Nc5 19. Qc4 Nh5 20. d6
Nf4 21. Nd5 Nxd5 22. Qxd5 Ne6 23. d7 Rfd8 24. h4 Nf4 25. Qd6 g6 26. Re1 Nxe2
27. Nxe2 Bxf3 28. Qg3 Be4+ 29. Ka1 Qxg3 30. Nxg3 Bc6 31. h5 Rxd7 32. hxg6 hxg6
33. a3 Bd5 34. Rd1 Rbd8 35. Rc1 Bb3 36. Kb1 Rd1 37. Ne2 R8d2 38. Nc3 Bc2+ 39.
Ka2 Rxc1 40. a4 Bf5 41. a5 Rxc3 42. Ka1 Rc1+ 43. Ka2 Be6+ 44. Ka3 Ra1+ 45. Kb4
Rxb2+ 46. Kc5 Rxa5+ 47. Kd6 Kf8 48. Kc7 Rc5+ 49. Kb8 Rc8+ 50. Kxa7 Ra2+ 51. Kb6
Rc3 52. Kb5 Rb2+ 53. Ka4 Bd7+ 54. Ka5 Ra3# 0-1

[Event "59581 I. Budapest Open"]
[Site "Budapest, Hungary"]
[Date "2011.08.23"]
[Round "4.26"]
[White "Indig, Akos"]
[Black "Karacsonyi, Gellert"]
[Result "0-1"]
[WhiteElo "1373"]
[BlackElo "1269"]
[PlyCount "52"]
[EventDate "2011.??.??"]
 
1. e4 e6 2. Nf3 d5 3. exd5 exd5 4. d4 Nf6 5. Nc3 Nc6 6. Bb5 a6 7. Ba4 b5 8. Bb3
Bb4 9. O-O O-O 10. Qd3 Na5 11. Ne2 Nc4 12. a3 Bd6 13. c3 Ne4 14. Bc2 Bf5 15.
Qd1 Bg4 16. Qd3 Bxf3 17. Qxf3 Ncd2 18. Bxd2 Nxd2 19. Qd3 Ne4 20. f3 Nf6 21. Nc1
c5 22. Nb3 c4 23. Qf5 cxb3 24. Bxb3 Re8 25. Bxd5 Nxd5 26. Qxd5 Bxh2+ 0-1

[Event "59581 I. Budapest Open"]
[Site "Budapest, Hungary"]
[Date "2011.08.24"]
[Round "5.1"]
[White "Koczo, Kristof"]
[Black "Farkas, Richard"]
[Result "1-0"]
[WhiteElo "2242"]
[BlackElo "2039"]
[PlyCount "141"]
[EventDate "2011.??.??"]
 
1. d4 e6 2. c4 d5 3. Nc3 Be7 4. e4 dxe4 5. Nxe4 Nf6 6. Nxf6+ Bxf6 7. Nf3 O-O 8.
Bd3 Kh8 9. Be3 c5 10. Be4 cxd4 11. Bxd4 Qa5+ 12. Qd2 Qxd2+ 13. Kxd2 Nd7 14.
Rhd1 Bxd4 15. Nxd4 Nf6 16. Bf3 e5 17. Nb5 e4 18. Be2 Bd7 19. Nd6 Bc6 20. Ke3 a5
21. Rd4 g6 22. h4 Kg7 23. Rad1 a4 24. g4 h6 25. h5 Ra5 26. Nb5 Bxb5 27. cxb5
Re8 28. hxg6 fxg6 29. Rc1 Re7 30. Rc8 a3 31. b3 Ra7 32. Rdd8 b6 33. Rb8 Rad7
34. Rxd7 Rxd7 35. Bc4 Nxg4+ 36. Ke2 Rd6 37. Rb7+ Kf6 38. Ra7 Kg5 39. f3 exf3+
40. Kxf3 Ne5+ 41. Ke4 Nd7 42. Rxa3 h5 43. b4 h4 44. Rd3 Rxd3 45. Bxd3 Nf6+ 46.
Ke5 h3 47. Bf1 Ng4+ 48. Kd6 h2 49. Bg2 Ne3 50. Bh1 Kf4 51. a4 g5 52. a5 bxa5 $2
(52... g4 $1 53. axb6 g3 54. b7 g2 55. Bxg2 Nxg2 56. b8=Q h1=Q $11) 53. b6 Nc4+
54. Kc7 Nxb6 55. bxa5 Na4 56. a6 Nc3 57. Kc6 Ne2 58. a7 Ng3 59. a8=Q Nxh1 60.
Qb8+ Kf3 61. Qxh2 Nf2 62. Kd5 g4 63. Qh5 Kg3 64. Ke5 Nh3 65. Kf5 Nf2 66. Qh8
Kg2 67. Qa8+ Kg3 68. Qa3+ Kh4 69. Qe3 Nh3 70. Qe1+ Kh5 71. Qg3 1-0

[Event "59581 I. Budapest Open"]
[Site "Budapest, Hungary"]
[Date "2011.08.24"]
[Round "5.2"]
[White "Kozma, Gabor"]
[Black "Rajcsanyi, Peter"]
[Result "0-1"]
[WhiteElo "1927"]
[BlackElo "1896"]
[PlyCount "138"]
[EventDate "2011.??.??"]
 
1. e4 c5 2. Nc3 Nc6 3. d3 d6 4. g3 g6 5. Bg2 Bg7 6. f4 e6 7. Nf3 Nge7 8. O-O
O-O 9. Be3 Rb8 10. d4 cxd4 11. Nxd4 Qb6 12. Nf5 Qxb2 13. Nxe7+ Nxe7 14. Bd4
Bxd4+ 15. Qxd4 d5 16. Rab1 Qxc2 17. Rf2 Nc6 18. Qf6 Qd3 19. exd5 Qd4 20. Qxd4
Nxd4 21. Rd2 Nf5 22. d6 Rd8 23. Ne4 b6 24. Rc1 Bb7 25. d7 Kf8 26. Kf2 Ke7 27.
Rc7 a6 28. h3 Bd5 29. Nc3 Bxg2 30. Kxg2 Nd6 31. Kf3 f5 32. Rc6 Rxd7 33. Re2 Kf7
34. Rd2 Rbd8 35. Na4 Ne4 36. Rxd7+ Rxd7 37. Nxb6 Rd3+ 38. Ke2 Rd2+ 39. Ke3 Rxa2
40. Rc7+ Kg8 41. g4 Ra3+ 42. Kd4 Nd6 43. Ke5 Ne8 44. Re7 Re3+ 45. Kd4 Re4+ 46.
Kc5 Kf8 47. Rxh7 Nf6 48. Ra7 Rxf4 49. Kd6 Re4 50. Rxa6 fxg4 51. hxg4 Nxg4 52.
Ra7 Nf6 53. Na4 Re1 54. Ra8+ Kg7 55. Ra7+ Kh6 56. Re7 Ne4+ 57. Kd7 Ng5 58. Kd6
Kh5 59. Nc5 Ne4+ 60. Nxe4 Rxe4 61. Rh7+ Kg4 62. Rh1 g5 63. Rg1+ Kf5 64. Kc5 g4
65. Rg3 Kf4 66. Ra3 g3 67. Ra8 Kf3 68. Rf8+ Rf4 69. Rg8 g2 0-1

[Event "59581 I. Budapest Open"]
[Site "Budapest, Hungary"]
[Date "2011.08.24"]
[Round "5.3"]
[White "Szalontay, Mihaly"]
[Black "Teglas, Balazs"]
[Result "1/2-1/2"]
[WhiteElo "1971"]
[BlackElo "2207"]
[PlyCount "107"]
[EventDate "2011.??.??"]
 
1. e4 c5 2. c3 d6 3. d4 Nf6 4. Bc4 Nbd7 5. Qe2 Qc7 6. Nf3 cxd4 7. O-O d3 8.
Bxd3 g6 9. Bf4 e5 10. Bg5 Bg7 11. Na3 O-O 12. Rad1 a6 13. Nc2 Nc5 14. Bxf6 Bxf6
15. Nb4 Be6 16. Bc4 b5 17. Bd5 Rab8 18. a3 a5 19. Nc2 Rfc8 20. Ne3 b4 21. axb4
axb4 22. Nc4 Bxd5 23. Rxd5 bxc3 24. bxc3 Na4 25. Nxd6 Nxc3 26. Qd2 Rd8 27. Rd3
Nb1 28. Qa2 Rxd6 29. Rxd6 Nc3 30. Qc2 Qxd6 31. Qxc3 Rb4 32. Re1 Ra4 33. h3 Ra2
34. Qc4 Rb2 35. Re2 Qd1+ 36. Re1 Qd6 37. Re2 Rb4 38. Qd5 Qc7 39. Re1 Qc3 40.
Rd1 Rb2 41. Qd3 Qxd3 42. Rxd3 Rb4 43. Re3 Bg7 44. g4 f6 45. g5 Kf7 46. gxf6
Kxf6 47. Kg2 Bf8 48. Re2 Bc5 49. h4 Rc4 50. Ne1 Rc3 51. Rc2 Rxc2 52. Nxc2 g5
53. hxg5+ Kxg5 54. Ne1 1/2-1/2

[Event "59581 I. Budapest Open"]
[Site "Budapest, Hungary"]
[Date "2011.08.24"]
[Round "5.4"]
[White "Torok, Tamas Titusz"]
[Black "Schubert, Gyula"]
[Result "1-0"]
[WhiteElo "2059"]
[BlackElo "2105"]
[PlyCount "79"]
[EventDate "2011.??.??"]
 
1. e4 d6 2. d4 Nf6 3. Nc3 g6 4. Nf3 Bg7 5. Be2 O-O 6. O-O c6 7. h3 b5 8. e5
Nfd7 9. Bf4 d5 10. Bd3 Nb6 11. b3 a5 12. Qd2 Na6 13. Bh6 Nb4 14. Bxg7 Kxg7 15.
Be2 Bf5 16. Ne1 f6 17. g4 Be6 18. a3 Na6 19. Nd3 fxe5 20. Nxe5 Qd6 21. f4 Nd7
22. Qe3 Nc7 23. f5 Bg8 24. Nxd7 Qxd7 25. Qe5+ Kh6 26. g5+ Kxg5 27. f6+ Kh6 28.
Bg4 Be6 29. Bxe6 Qxe6 30. Qxc7 Qe3+ 31. Kg2 Qxc3 32. Qxe7 Qxc2+ 33. Kg1 Qe4 34.
Qg7+ Kg5 35. f7 h5 36. Rae1 Qd3 37. Re5+ Kh4 38. Qf6+ Kg3 39. Qf4+ Kxh3 40.
Rf3+ 1-0

[Event "59581 I. Budapest Open"]
[Site "Budapest, Hungary"]
[Date "2011.08.24"]
[Round "5.5"]
[White "Barabas, Attila"]
[Black "Yip, Michael"]
[Result "1-0"]
[WhiteElo "2001"]
[BlackElo "1982"]
[PlyCount "65"]
[EventDate "2011.??.??"]
 
1. d4 e6 2. Nc3 d5 3. Nf3 Nf6 4. Bg5 Nbd7 5. e3 Be7 6. Bd3 c5 7. O-O b6 8. Re1
Bb7 9. h3 h6 10. Bh4 O-O 11. Bg3 a6 12. Rc1 b5 13. dxc5 Nxc5 14. Ne5 Rc8 15.
Ne2 Nxd3 16. cxd3 Qa5 17. Qb3 Rfd8 18. Nd4 Qb6 19. a4 Bc5 20. axb5 Bxd4 21.
exd4 axb5 22. Bh4 Qxd4 23. Rxc8 Bxc8 24. Bxf6 gxf6 25. Nc6 Qb6 26. Nxd8 Qxd8
27. Qxb5 Bd7 28. Qc5 Qe8 29. b4 Kg7 30. Re3 Bc6 31. Rg3+ Kh7 32. Qc3 e5 33. Qc5
1-0

[Event "59581 I. Budapest Open"]
[Site "Budapest, Hungary"]
[Date "2011.08.24"]
[Round "5.6"]
[White "Palla, Akos Botond"]
[Black "Bodrogi, Laszlo"]
[Result "1-0"]
[WhiteElo "1824"]
[BlackElo "2035"]
[PlyCount "47"]
[EventDate "2011.??.??"]
 
1. e4 e6 2. d4 d5 3. Nc3 Bb4 4. e5 Ne7 5. Qg4 c5 6. a3 Bxc3+ 7. bxc3 cxd4 8.
Qxg7 Rg8 9. Qxh7 dxc3 10. f4 Nbc6 11. Nf3 Qb6 12. Ng5 Rf8 13. Qh3 Rg8 14. Nh7
Kd8 15. Nf6 Rg6 16. Bd3 d4 17. Qh8+ Kc7 18. Bxg6 Nxg6 19. Qe8 Nd8 20. a4 Qc6
21. Ba3 Qxe8 22. Nxe8+ Kc6 23. g3 Kd5 24. Nc7+ 1-0

[Event "59581 I. Budapest Open"]
[Site "Budapest, Hungary"]
[Date "2011.08.24"]
[Round "5.7"]
[White "Mester, Attila"]
[Black "Ruck, Robert"]
[Result "0-1"]
[WhiteElo "2119"]
[BlackElo "1930"]
[PlyCount "112"]
[EventDate "2011.??.??"]
 
1. e4 c5 2. Nf3 e6 3. d3 Nc6 4. g3 g6 5. Bg2 Bg7 6. O-O Nge7 7. c3 O-O 8. h4 d5
9. Nbd2 f5 10. exd5 Nxd5 11. Nb3 Qd6 12. Ng5 Bd7 13. Qe2 Rae8 14. Bd2 b6 15.
Rad1 f4 16. Ne4 Qc7 17. c4 fxg3 18. fxg3 Nde7 19. Bf4 e5 20. Bg5 Nf5 21. Kh2 h6
22. Be3 Ncd4 23. Qe1 Nc2 24. Rxf5 Nxe1 25. Rxf8+ Rxf8 26. Rxe1 Bc6 27. Nc1 Kh7
28. Ne2 Qd7 29. Rd1 Qg4 30. N2c3 Bxe4 31. Bxe4 Bf6 32. Rg1 Bd8 33. Rg2 Rf1 34.
Bf2 Kg7 35. Nd5 Ra1 36. a3 a5 37. Ne3 Qd7 38. Bd5 Rb1 39. Bg1 Bf6 40. Be4 Re1
41. Nd5 Qd8 42. Bf3 Rf1 43. Be2 Rb1 44. Rf2 Bxh4 45. Bf1 Bg5 46. Bh3 Bc1 47.
Kh1 Qg5 48. Nc7 Qe7 49. Nd5 Qd6 50. Rf1 e4 51. Bh2 Qe5 52. g4 Qxb2 53. Nc7 Bg5
54. Ne6+ Kg8 55. dxe4 Rxf1+ 56. Bxf1 Qb1 0-1